| 000 | nam a22 7a 4500 | ||
|---|---|---|---|
| 999 |
_c126480 _d126480 |
||
| 008 | 170524b xxu||||| |||| 00| 0 eng d | ||
| 050 | _aBS2615.5.M149 2012 | ||
| 100 |
_aMachingura, Francis _930979 |
||
| 245 |
_aThe messianic feeding of the Masses _bAn analysis of John 6 in the Context of Messianic Leadership in Post-Colonial Zimbabwe _cFrancis Machingura |
||
| 260 |
_aBamberg _bUniversity of Bamberg Press _c2012 |
||
| 300 |
_a435p. ; _c21cm. |
||
| 440 |
_aBible in Africa Studies _n8 _930980 |
||
| 600 |
_aMugabe, Robert _925157 |
||
| 650 |
_aBible N.T. John _xCriticism _912200 |
||
| 650 |
_aZimbabwe _xPolitics _y1980- _917606 |
||
| 650 |
_aShona (African people) _xSocial life and customs _930981 |
||
| 942 |
_2lcc _cMONOGRAPH |
||